000 00610nam a2200205 a 4500
003 OSt
005 20240226094201.0
008 180219t2011 pk | |||| 000 f urd d
020 _a9789693511659
040 _c0
082 _a891.4393
_bISH 2011
100 1 _aاشفاق احمد
_948655
245 1 0 _aوداع جنگ
_cIshfaq Ahmad
246 _aVidaa E Jung
260 _aLahore:
_bSang e Meel;
_c2011.
300 _a352 p.
650 _aUrdu literature
_vNovel
_9876
942 _2ddc
_cBK
_aSADA
_k891.4393 ISH 2011
999 _c608119
_d608119